00938nam a2200265 a 450000100060000000300080000600500170001400800410003102000220007203500190009404000270011304100080014008200250014810000390017324500940021225000120030626000510031830000350036950400510040465000330045565000250048894200120051399900170052595201300054256225BD-RjUL20211209080353.0161127s1980 caua b 001 0 eng  a0874844827 (pbk.) a(BD-RjUL)56349 aDLCcDLCdBD-RjULbeng aeng00a650.14223bMIC 19801 aMichelozzi, Betty Neville.916730510aComing alive from nine to five :bthe career search handbook /cBetty Neville Michelozzi. a1st ed. aPalo Alto, Calif. :bMayfield Pub. Co.,c1980. axiii, 186 p. :bill. ;c23 cm. aIncludes bibliographical references and index. 0aVocational guidance.9167306 0aJob hunting.9148424 2ddccBK c56225d56225 00102ddc40708NFICaRUCLbRUCLcStackd1994-07-04eN/Ag0.00l0o550.14 MIC 1980r2016-11-27 00:00:00tC-2w2021-12-09yBK